Sports Quiz

Random Sports or NBA Quiz

2017 NBA Free Agents Quiz Stats

Quiz not verified by Sporcle

Challenge
Share
Tweet
Embed
Score 0/55 Timer 10:00
0 Plays Today
% Correct
Boston Celtics
98.3%
Golden State Warriors
97.4%
Golden State Warriors
96.6%
Golden State Warriors
96.6%
Golden State Warriors
96.6%
Golden State Warriors
96.6%
Golden State Warriors
96.6%
Boston Celtics
96.6%
Cleveland Cavaliers
96.6%
Detroit Pistons
95.7%
Charlotte Hornets
95.7%
Houston Rockets
95.7%
Denver Nuggets
95.7%
Dallas Mavericks
95.7%
Atlanta Hawks
95.7%
Golden State Warriors
95.7%
Cleveland Warriors
95.7%
San Antonio Spurs
94.9%
Chicago Bulls
94.9%
Houston Rockets
94.9%
Cleveland Cavaliers
94.9%
Toronto Raptors
94.9%
Indiana Pacers
94.9%
Sacramento Kings
94.9%
Indiana Pacers
94.9%
Oklahoma City Thunder
94.9%
San Antonio Spurs
94.9%
Minnesota Timberwolves
94%
% Correct
Milwaukee Bucks
94%
Los Angeles Clippers
94%
New Orleans Pelicans
94%
Philadelphia 76ers
94%
Utah Jazz
94%
Washington Wizards
94%
Chicago Bulls
94%
Sacramento Kings
94%
Oklahoma City Thunder
94%
Los Angeles Clippers
94%
Miami Heat
94%
Oklahoma City Thunder
94%
Los Angeles Clippers
94%
Sacramento Kings
94%
San Antonio Spurs
94%
Orlando Magic
94%
New York Knicks
94%
Minnesota Timberwolves
94%
Washington Wizards
94%
Phoenix Suns
94%
San Antonio Spurs
94%
Philadelphia 76ers
93.2%
Minnesota Timberwolves
93.2%
Toronto Raptors
93.2%
Memphis Grizzlies
93.2%
Miami Heat
93.2%
Miami Heat
93.2%

You're not logged in!

Compare scores with friends on all Sporcle quizzes.
Sign Up with Email
OR
Log In

You Might Also Like...

Show Comments

Extras

Top Quizzes Today


Score Distribution

Your Account Isn't Verified!

In order to create a playlist on Sporcle, you need to verify the email address you used during registration. Go to your Sporcle Settings to finish the process.